|
|
|
|
| LEADER |
00751nam a22002532a 4500 |
| 001 |
000958243 |
| 003 |
CZ BrMZK |
| 005 |
20210317071949.0 |
| 007 |
ta |
| 008 |
090727s1963 xr er|||||||||||eng d |
| 015 |
|
|
|a cnb000519055
|
| 035 |
|
|
|a (OCoLC)28742389
|
| 040 |
|
|
|a ABA001
|b cze
|c HKA001
|d BOA001
|
| 041 |
1 |
|
|a eng
|h cze
|
| 080 |
9 |
|
|a 908.437(022)=2
|
| 100 |
1 |
|
|a Rýpar, Vladimír,
|d 1903-1969
|7 jk01103361
|4 aut
|
| 245 |
1 |
0 |
|a Czechoslovakia today /
|c Vladimír Rýpar
|
| 260 |
|
|
|a Prague :
|b Orbis,
|c 1963
|f ([Polygrafia 1])
|
| 300 |
|
|
|a 74 s.
|
| 500 |
|
|
|a Přeloženo z češtiny
|
| 910 |
|
|
|a BOA001
|b 1-0499.126
|
| 990 |
|
|
|a BK
|
| 991 |
|
|
|b 200907
|
| 996 |
6 |
|
|b 2619447804
|c 1-0499.126
|l MZK
|r Sklad / do 1 hodiny
|n 0
|w 001090573
|u 000010
|a 1
|e BOA001
|j MZK50
|s P
|